Química, botánica y farmacia en la Nueva España a finales del siglo XVIII (Record no. 3993)
[ view plain ]
| 000 -CABECERA | |
|---|---|
| campo de control de longitud fija | 00875nam a2200229 a 4500 |
| 001 - NÚMERO DE CONTROL | |
| campo de control | BRCA_4282 |
| 005 - FECHA Y HORA DE LA ÚLTIMA TRANSACCIÓN | |
| campo de control | 20190320204619.0 |
| 008 - DATOS DE LONGITUD FIJA--INFORMACIÓN GENERAL | |
| campo de control de longitud fija | 941122s1993 mx-a#####b---#000-0#spa-# |
| 041 ## - CÓDIGO DE LENGUA | |
| Código de lengua del texto/banda sonora o título independiente | spa |
| 044 ## - CÓDIGO DEL PAÍS DE LA ENTIDAD EDITORA/PRODUCTORA | |
| Código MARC del país | mx |
| 050 #4 - SIGNATURA TOPOGRÁFICA DE LA BIBLIOTECA DEL CONGRESO | |
| Número de clasificación | RS402.9 |
| Número de documento/Ítem | .A24 1993 |
| 100 1# - ENTRADA PRINCIPAL--NOMBRE DE PERSONA | |
| Nombre de persona | Aceves Pastrana, Patricia |
| 9 (RLIN) | 11026 |
| 245 10 - MENCIÓN DE TÍTULO | |
| Título | Química, botánica y farmacia en la Nueva España a finales del siglo XVIII |
| Mención de responsabilidad, etc. | Patricia Aceves Pastrana. |
| 260 ## - PUBLICACIÓN, DISTRIBUCIÓN, ETC. | |
| Lugar de publicación, distribución, etc. | México |
| Nombre del editor, distribuidor, etc. | Universidad Autónoma Metropolitana, Unidad Xochimilco |
| Fecha de publicación, distribución, etc. | 1993 |
| 300 ## - DESCRIPCIÓN FÍSICA | |
| Extensión | 135 p. |
| Otras características físicas | il. |
| Dimensiones | 33 cm. |
| 440 #0 - MENCIÓN DE SERIE/PUNTO DE ACCESO ADICIONAL--TÍTULO | |
| Título | Biblioteca Memoria Mexicana |
| Designación de volumen o secuencia | 2 |
| 9 (RLIN) | 11027 |
| 500 ## - NOTA GENERAL | |
| Nota general | Incluye piezas de la colección Franz Mayer: portada, p. 75 y 101 |
| 504 ## - NOTA DE BIBLIOGRAFÍA, ETC. | |
| Nota de bibliografía, etc. | Bibliografía: p. 131-135 |
| 650 14 - PUNTO DE ACCESO ADICIONAL DE MATERIA--TÉRMINO DE MATERIA | |
| Término de materia o nombre geográfico como elemento de entrada | Química farmacéutica |
| Subdivisión general | Historia |
| Subdivisión cronológica | Siglo XVIII |
| Subdivisión geográfica | México |
| 9 (RLIN) | 11028 |
| 650 14 - PUNTO DE ACCESO ADICIONAL DE MATERIA--TÉRMINO DE MATERIA | |
| Término de materia o nombre geográfico como elemento de entrada | Medicina botánica |
| Subdivisión general | Historia |
| Subdivisión cronológica | Siglo XVIII |
| Subdivisión geográfica | México |
| 9 (RLIN) | 11029 |
| 942 ## - ELEMENTOS DE PUNTO DE ACCESO ADICIONAL (KOHA) | |
| Fuente del sistema de clasificación o colocación | Library of Congress Classification |
| Tipo de ítem Koha | Libros |
| Estado de retiro | Estado de pérdida | Estado dañado | No para préstamo | Localización permanente | Ubicación/localización actual | Fecha de adquisición | Total de préstamos | Signatura topográfica completa | Código de barras | Fecha visto por última vez | Precio válido a partir de | Tipo de ítem Koha |
|---|---|---|---|---|---|---|---|---|---|---|---|---|
| El ejemplar forma parte de la colección y puede ser consultado según las políticas vigentes. | Biblioteca del Museo Franz Mayer (Rogerio Casas-Alatriste) | Biblioteca del Museo Franz Mayer (Rogerio Casas-Alatriste) | 23/06/2010 | RS402.9 .A24 1993 | 01273 | 22/03/2019 | 22/03/2019 | Libros |